Tilastot visalle Valtatie 5 -kunnat

Klikkaa tästä pelataksesi tätä visaa!

Yleistilastot

  • Tätä visaa on pelattu 65 kertaa
  • Keskiarvotulos 23 / 26

Vastaustilastot

% Oikein
Kuopio
100%
Kajaani
98%
Salla
96%
Iisalmi
94%
Siilinjärvi
94%
Suomussalmi
94%
Heinola
92%
Juva
92%
Kuusamo
92%
Mikkeli
92%
Sodankylä
92%
Paltamo
90%
Hyrynsalmi
88%
Joroinen
88%
Kemijärvi
88%
Pelkosenniemi
88%
Posio
88%
Ristijärvi
88%
Varkaus
88%
Lapinlahti
84%
Leppävirta
84%
Mäntyharju
84%
Pertunmaa
82%
Hirvensalmi
80%
Taivalkoski
80%
Sonkajärvi
78%

Tulosjakauma

Persentiili vastausten määrän mukaan

Jokaisen tuloksen saaneiden osuus

Tuloshistoriasi

Et ole pelannut tätä visaa